00558nam a2200193 a 4500001001300000003000900013005001700022008004100039020001000080082002100090100001900111245005300130260004600183300000800229500003500237505005500272650001800327700001900345nice12345678IN_TiNIC20260116011628.0050524s1944 dela grp 000 0 eng  ac10000a324.2054082bLAT aLatifi, Danyal aManifesto of the Punjab Provincial Muslim League aDelhibMuslim League Printing Pressc1944 a34p aincludes index and biblioraphy2 aMeeting of the N C C Nagpur Dec,28,1939-Jan 2,1940 aMuslim League1 aLatifi, Danyal